NBA Single Season Point Leaders - Statistics

General Stats
  • This quiz has been taken 900 times
  • The average score is 20 of 30
Answer Stats
Average Scoring Player Season % Correct
37.09 Michael Jordan 1986-87
98%
34.98 Michael Jordan 1987-88
98%
33.57 Michael Jordan 1989-90
98%
32.58 Michael Jordan 1992-93
98%
32.51 Michael Jordan 1988-89
98%
50.36 Wilt Chamberlain 1961-62
96%
44.83 Wilt Chamberlain 1962-63
96%
38.39 Wilt Chamberlain 1960-61
96%
37.60 Wilt Chamberlain 1959-60
96%
36.85 Wilt Chamberlain 1963-64
96%
34.71 Wilt Chamberlain 1965-66
96%
33.53 Wilt Chamberlain 1965-66
96%
35.40 Kobe Bryant 2005-06
87%
31.56 Kobe Bryant 2006-07
87%
32.01 Kevin Durant 2013-14
69%
34.84 Kareem Abdul-Jabbar 1971-72
68%
31.66 Kareem Abdul-Jabbar 1970-71
68%
33.01 Allen Iverson 2005-06
65%
34.77 Elgin Baylor 1960-61
64%
33.99 Elgin Baylor 1974-75
64%
32.09 Tracy McGrady 2002-03
47%
33.14 George Gervin 1979-80
40%
32.29 George Gervin 1981-82
40%
35.58 Rick Barry 1966-67
38%
31.94 Julius Erving 1972-73
33%
34.52 Bob McAdoo 1964-65
28%
32.89 Bernard King 1984-85
25%
33.99 Nate "Tiny" Archibald 1972-73
17%
31.58 Walt Bellamy 1961-62
8%
33.38 Charlie Scott 1971-72
1%
No matching quizzes found
Score Distribution
Percent of People with Each Score
Percentile by Number Answered
Your Score History
You have not taken this quiz